Prosa I
Uloženo v:
| Hlavní autor: | |
|---|---|
| Médium: | Kniha |
| Jazyk: | španělština |
| Vydáno: |
Madrid
Siruela
2002
|
| Vydání: | 3a. ed |
| Edice: | Obra Completa, 2
Libros del Tiempo, 66 |
| Témata: | |
| Tagy: |
Přidat tag
Žádné tagy, Buďte první, kdo vytvoří štítek k tomuto záznamu!
|
MARC
| LEADER | 00000nam a2200000 a 4500 | ||
|---|---|---|---|
| 001 | UCJ2698 | ||
| 003 | CL-VaPUC | ||
| 008 | 070112e20021200SP |||||||||||||||||spa|d | ||
| 020 | |a 8478442146 | ||
| 082 | 0 | 4 | |a 863 |b CER |2 21 |
| 100 | 0 | |a Cernuda, Luis |e author |9 321579 | |
| 245 | 1 | 0 | |a Prosa I |
| 250 | |a 3a. ed | ||
| 300 | |a 866 p | ||
| 942 | |c BK | ||
| 945 | |d 20070112 00:00:00 |a cmena | ||
| 260 | |a Madrid |b Siruela |c 2002 | ||
| 650 | 7 | |a PROSAS ESPAÑOLAS |2 CL-VaPUC |9 267355 | |
| 650 | 0 | |a Crítica e interpretación |9 255042 | |
| 650 | 0 | |a Interpretación literaria |9 415895 | |
| 650 | 0 | |a Literatura española |9 306261 | |
| 583 | |a last modification |c 20070112 00:00:00 |k Rodrigo Vera | ||
| 490 | 0 | |a Obra Completa, 2 | |
| 490 | 0 | |a Libros del Tiempo, 66 | |
| 999 | |c 318832 |d 318830 | ||
| 952 | |0 0 |1 0 |4 0 |6 863_000000000000000_CER_2002 |7 0 |8 A |9 396978 |a BIBART |b BIBART |d 2019-11-22 |i 4258266 |l 12 |o 863 CER 2002 |p 4258266 |q 2025-07-31 |r 2025-03-13 |s 2024-12-19 |w 2019-11-22 |y BK |k ART | ||